Normal view
MARC view
- মান্নান, মোহাম্মদ আবদুল
Entry Personal Name
001 - CONTROL NUMBER
- control field: 5148
003 - CONTROL NUMBER IDENTIFIER
- control field: OSt
005 - DATE AND TIME OF LATEST TRANSACTION
- control field: 20230108042947.0
008 - FIXED-LENGTH DATA ELEMENTS
- fixed length control field: 230108|| aca||aabn | a|a d
040 ## - CATALOGING SOURCE
- Original cataloging agency: OSt
100 ## - HEADING--PERSONAL NAME
- Personal name: মান্নান, মোহাম্মদ আবদুল
